Le Soudan égyptien : étude de droit international public ... avec une carte du Soudan anglo-égyptien /
Saved in:
Main Author:
Format: Book
Language: French
Published:
Paris :
É. Larose,
1913.
Subjects:
Tags: Add Tag
No Tags, Be the first to tag this record!
Call Number: DT108 .S3 1913
| LEADER | 00895namaa2200277 4500 | ||
|---|---|---|---|
| 001 | 14080 | ||
| 003 | OSt | ||
| 005 | 20250512120025.0 | ||
| 008 | 130303s1913 fr b b 000 0 fre d | ||
| 040 | |c ARCE Library | ||
| 043 | |a f-sj--- | ||
| 043 | |a f-ua--- |a f-sj--- | ||
| 050 | 4 | |a DT108 .S3 1913 | |
| 100 | 1 | |a Sarkissian, Grégoire, |e author |9 39217 | |
| 245 | 1 | 3 | |a Le Soudan égyptien : |b étude de droit international public ... avec une carte du Soudan anglo-égyptien / |c Grégoire Sarkissian. |
| 264 | 1 | |a Paris : |b É. Larose, |c 1913. | |
| 300 | |a 150 p., 1 l : |b map ; |c 25 cm. | ||
| 500 | |a "Issued also as thesis, University de Paris". | ||
| 504 | |a Bibliography : pages [147]-150. | ||
| 650 | 0 | |a Arabs |z Sudan. | |
| 650 | 0 | |a French |z Sudan. | |
| 651 | 0 | |a Egypt |x History |y British occupation, 1882-1936. | |
| 651 | 0 | |a Sudan |x History. | |
| 901 | |a reviewed | ||
| 942 | |c BK |2 lcc | ||
| 999 | |c 13364 |d 13364 | ||
